000 00476nam a2200193 a 4500
001 1771297337076
003 YourLibrary
005 20260220115232.0
008 260217s1998##################000#0#eng##
020 _a9780792344681
082 0 4 _a362.287
_bLEO
100 1 _aLeo, D. de,
_eauthor.
245 1 0 _aSuicide Prevention :
260 _bSpringer,
_c1998.
300 _a243 pages
650 0 _aMedical.
942 _cENGLISH
040 _aYourLibrary
_beng
_cYourLibrary
999 _c613937
_d613937